000 00311nam a22001337a 4500
008 171003b xxu||||| |||| 00| 0 eng d
020 _a0155392026
041 _aeng
080 _a159.9
100 _a48
101 _aPSI
245 _aPSYCHOLOGY IN AMERICA A HISTORICAL SURVEY
_cHILGARD,E.R
942 _2udc
_cBK
999 _c31338
_d31338